000 00733cam a22002531a 4500
001 3183
003 BD-RjUL
005 20211208233705.0
008 131218r19591955enk b 001 0 eng
035 _a(BD-RjUL)3217
035 _a(OCoLC)3932545
040 _aDLC
_cCCC
_dOCoLC
_dUk
_dMoSU-L
_dDLC
_dBD-RjUL
_beng
041 _aeng
082 0 0 _a336.2
_bKAE 1959
100 1 _aKaldor, Nicholas,
_d1908-1986.
_910079
245 1 3 _aAn expenditure tax /
_cby Nicholas Kaldor.
260 _aLondon :
_bAllen & Unwin,
_c1955 [Impression 1959].
300 _a249 p. ;
_c23 cm.
504 _aIncludes bibliographical references and index.
650 0 _aTaxation.
_910080
942 _2ddc
_cBK
999 _c3183
_d3183